| 000 | 00340nam a2200133Ia 4500 | ||
|---|---|---|---|
| 008 | 240624s9999 xx 000 0 und d | ||
| 041 | _aeng | ||
| 082 | _a658 HEN | ||
| 100 | _aHENINGER LORI | ||
| 245 | _aMANAGING AS MISSION NONPROFIT MANAGING F | ||
| 260 |
_c2018 _aLondon _bCRC Press |
||
| 300 | _axix, 253 p.; 23 cm. | ||
| 365 |
_cBPS _b32 |
||
| 999 |
_c32034 _d32034 |
||